| 000 | 00586nam a2200193 4500 | ||
|---|---|---|---|
| 003 | SEACOMEC | ||
| 005 | 20260411120404.0 | ||
| 008 | 260411b |||||||| |||| 00| 0 eng d | ||
| 020 | _a978-93-55381-09-5 | ||
| 040 | _aSEACOMEC | ||
| 041 | _aBen | ||
| 082 |
_a621.3 _bS998 |
||
| 100 | _aSahdev, S. K. | ||
| 245 |
_aবেসিক ইলেকট্রিক্যাল ইঞ্জিনিয়ারিং Basic Electrical Engineering (with Lab Manual) _cS. K. Sahdev |
||
| 260 |
_aNew Delhi _bKhanna _c2025 |
||
| 300 | _a378 | ||
| 650 | _aElectrical Engineering | ||
| 942 | _cGBK | ||
| 999 |
_c2648 _d2648 |
||